12 maanden in 15 seconden - Statistics

General Stats
  • This quiz has been taken 433 times
  • The average score is 8 of 12
Answer Stats
Answer % Correct
Januari
96%
Februari
88%
April
84%
Juni
82%
Maart
82%
Mei
79%
Juli
72%
Augustus
60%
September
43%
Oktober
32%
November
28%
December
15%
No matching quizzes found
Score Distribution
Percent of People with Each Score
Percentile by Number Answered
Your Score History
You have not taken this quiz